000 00321nam a2200133Ia 4500
003 OSt
008 191201s2017 xx 000 0 und d
100 _aSHARMA, Puran Chand
245 0 _aShavarnim Haryana
260 _aN. Delhi
_bHaryana Granth Academy
_c2017
300 _a213
650 _aGeneral Books
942 _2ddc
_cBK
999 _c6711
_d6711